Nail Those MCQ's (Multiple choice questions) : (Record no. 117373)
[ view plain ]
| 000 -LEADER | |
|---|---|
| fixed length control field | 00471nam a22001577a 4500 |
| 005 - DATE AND TIME OF LATEST TRANSACTION | |
| control field | 20140527100619.0 |
| 008 - FIXED-LENGTH DATA ELEMENTS--GENERAL INFORMATION | |
| fixed length control field | 140527b xxu||||| |||| 00| 0 eng d |
| 020 ## - INTERNATIONAL STANDARD BOOK NUMBER | |
| International Standard Book Number | 9789812743435 |
| 050 ## - LIBRARY OF CONGRESS CALL NUMBER | |
| Classification number | Q 4356 |
| Item number | .T236mc56 2012 |
| 100 ## - MAIN ENTRY--PERSONAL NAME | |
| Personal name | Tay, Shirley |
| 245 ## - TITLE STATEMENT | |
| Title | Nail Those MCQ's (Multiple choice questions) : |
| Remainder of title | teachers work / |
| Statement of responsibility, etc | Shirley Tay, Shen Gan Yi |
| 260 ## - PUBLICATION, DISTRIBUTION, ETC. (IMPRINT) | |
| Place of publication, distribution, etc | Singapore : |
| Name of publisher, distributor, etc | teachers work, |
| Date of publication, distribution, etc | c2012. |
| 300 ## - PHYSICAL DESCRIPTION | |
| Extent | 294 p. ; |
| 942 ## - ADDED ENTRY ELEMENTS (KOHA) | |
| Source of classification or shelving scheme | Library of Congress Classification |
| Koha item type | Books |
| Withdrawn status | Lost status | Source of classification or shelving scheme | Damaged status | Home library | Current library | Shelving location | Date acquired | Sub Shelving location | Total Checkouts | Total Renewals | Full call number | Barcode | Date last seen | Date checked out | Price effective from | Koha item type |
|---|---|---|---|---|---|---|---|---|---|---|---|---|---|---|---|---|
| Library of Congress Classification | Luxembourg Library | Luxembourg Library | Teachers Reference Section | 05/27/2014 | 5 | 9 | Q 4356 .T236mc56 2012 | 19642 | 04/17/2018 | 12/13/2017 | 05/27/2014 | Books |